Ειδικές μαθησιακές δυσκολίες

Αποθηκεύτηκε σε:
Λεπτομέρειες βιβλιογραφικής εγγραφής
Κύριος συγγραφέας: Πολυχρόνη, Φωτεινή
Μορφή: Βιβλίο
Γλώσσα:Greek
Δημοσίευση: Αθήνα : Πεδίο, 2011.
Σειρά:Προβλήματα μάθησης και συμπεριφοράς στο σχολείο
Θέματα:
Ετικέτες: Προσθήκη ετικέτας
Δεν υπάρχουν, Καταχωρήστε ετικέτα πρώτοι!

MARC

LEADER 00000nam a2200000 a 4500
001 1/114090
008 170525s2011####gr |||||||||||||| ||gre||
020 |a 9789609552790 
040 |a GR-MyUa  |b gre  |c GR-MyUa  |e AACR2 
041 0 |a gre 
082 7 |a 371.9   |2 (23) 
100 1 |a Πολυχρόνη, Φωτεινή. 
245 1 0 |a Ειδικές μαθησιακές δυσκολίες /   |c Φωτεινή Πολυχρόνη.  
260 |a Αθήνα :   |b Πεδίο,   |c 2011.  
300 |a 340 σ. ;   |c 23 εκ.  
490 1 |a (Προβλήματα μάθησης και συμπεριφοράς στο σχολείο)  
504 |a Περιέχει βιβλιογραφία.  
650 0 |a Learning disabled children  |x Education. 
650 0 |a Learning disabled children. 
650 0 |a Learning disabilities. 
650 0 |a Dyslexic children. 
830 0 |a Προβλήματα μάθησης και συμπεριφοράς στο σχολείο 
852 |a INST  |b LESVOS  |c EUDOXUS  |e 20170525  |h 371.9 ΠΟΛ  |p 005100059286  |q 005100059286  |t EDX  |y 0 
852 |a INST  |b RHODES  |c EUDOXUS  |e 20190516  |h 371.9 ΠΟΛ  |p 005400040770  |q 005400040770  |t EDX  |y 4  |x 20200212 
920 |a Εύδοξος  |b Παραγγελία  |y Ρόδος-ΤΕΠΑΕΣ  |z 2019-05 
920 |a Εύδοξος  |b Παραγγελία  |y Λέσβος-ΤΚ  |z 2017-05 
970 |a Καμάτσου  |b Δέσποινα  |z 25-05-2017